Theory and Practice of Quality Management / (Record no. 33174)

000 -LEADER
fixed length control field 00428nam a22001817a 4500
003 - CONTROL NUMBER IDENTIFIER
control field NUST
020 ## - INTERNATIONAL STANDARD BOOK NUMBER
International Standard Book Number 9789350840238
022 ## - INTERNATIONAL STANDARD SERIAL NUMBER
International Standard Serial Number
038 ## - RECORD CONTENT LICENSOR
Staff Name khadija
082 ## - DEWEY DECIMAL CLASSIFICATION NUMBER
Classification number 658.4013
Author Mark PRA
100 ## - MAIN ENTRY--PERSONAL NAME
Personal name Prakash, Suresh
9 (RLIN) 85080
245 ## - TITLE STATEMENT
Title Theory and Practice of Quality Management /
Statement of responsibility, etc. Suresh Prakash
260 ## - PUBLICATION, DISTRIBUTION, ETC.
Place of publication, distribution, etc. New Delhi
Name of publisher, distributor, etc. Centrum
Date of publication, distribution, etc. 2013.
300 ## - PHYSICAL DESCRIPTION
Extent 296 p. ;
500 ## - GENERAL NOTE
General note Hardcover.
563 ## - BINDING INFORMATION
Binding note HB
942 ## - ADDED ENTRY ELEMENTS (KOHA)
Koha item type Book
Source of classification or shelving scheme
Holdings
Withdrawn status Lost status Source of classification or shelving scheme Damaged status Not for loan Permanent Location Current Location Shelving location Date acquired Full call number Barcode Date last seen Price effective from Koha item type
          School of Mechanical & Manufacturing Engineering (SMME) School of Mechanical & Manufacturing Engineering (SMME) General Stacks 01/04/2016 658.4013 PRA SMME-2342 04/03/2018 01/04/2016 Book
© 2023 Central Library, National University of Sciences and Technology. All Rights Reserved.